Statistics for Most Powerful Cities

Click here to take the quiz!

General Stats

  • This quiz has been taken 105 times
    (62 since last reset)
  • The average score is 46 of 50

Answer Stats

CountryCity% Correct
ChinaBeijing
98%
VietnamHo Chi Minh
98%
U.K.London
98%
AmericaLos Angeles
98%
MexicoMexico City
98%
IndiaNew Delhi
98%
JapanTokyo
98%
GermanyBerlin
95%
EgyptCairo
95%
UAEDubai
95%
TurkeyIstanbul
95%
SpainMadrid
95%
PhilippinesManila
95%
RussiaMoscow
95%
AmericaNew York
95%
FranceParis
95%
South KoreaSeoul
95%
SingaporeSingapore
95%
AustraliaSydney
95%
IranTehran
95%
CanadaToronto
95%
AustriaVienna
95%
AmericaWashington D.C.
95%
The NetherlandsAmsterdam
93%
ThailandBangkok
93%
ChinaHong Kong
93%
IndonesiaJakarta
93%
IsraelJerusalem
93%
IndiaMumbai
93%
JapanOsaka
93%
ChinaShanghai
93%
TaiwanTaipei
93%
AmericaChicago
91%
South AfricaJohannesburg
91%
AmericaMiami
91%
ItalyMilan
91%
BrazilSao Paulo
91%
RussiaSt. Petersburg
91%
MalaysiaKuala Lumpur
89%
Saudi ArabiaRiyadh
89%
AmericaDallas
86%
GermanyFrankfurt
86%
ChinaGuangzhou
86%
NigeriaLagos
86%
GermanyMunich
84%
AmericaBoston
82%
GermanyHamburg
82%
PakistanKarachi
82%
AmericaPhiladelphia
80%
ArgentinaBuenos Aires
77%

Score Distribution

Percentile by Number Answered

Percent of People with Each Score

Your Score History

You have not taken this quiz since the last reset